000
00342cam a2200145ua 4500
041
_a
eng
_h
082
_a
517.2
_b
WYL/CA
100
_a
Wylie, C R .
245
_a
Calculus /
_c
C R Wylie.
_h
Textual Documents
260
_a
London :
_b
Mc Graw Hill Book Company ,
_c
1953.
300
_a
565 ; .
504
_a
942
_c
BK
999
_c
519
_d
519